000 00256nam a22001217a 4500
041 _aENG
100 _aAchaya.K.T
245 _aYour Food And You
260 _aIndia
_bNational Book Trust
_c1975
300 _a104
650 _aAPE (10)
856 _uAPE (10)
999 _c2887
_d2887